000
00260nam a22001097a 4500
008
170120b xxu||||| |||| 00| 0 eng d
020
_a
020116553
041
_a
eng
080
_a
618.2
245
_a
THE CHANGING IMAGE OF THE NURSE
_c
KALISCH, K.B
942
_2
udc
_c
BK
999
_c
3288
_d
3288